000 00366 a2200157 4500
001 59895
020 _a3789142190
040 _cAnchieta - Pituba
100 _aMankell, Henning
240 1 0 _aDie reise ans ende der welt
_lpor
245 1 0 _aDie reise ans ende der welt
300 _a192
362 0 _a2003
650 4 _aLiteratura juvenil em alemão
942 _cBK
999 _c59895
_d59895